Soil Physical Environment and Plant Growth: Evaluation and Management/ (Record no. 50611)

MARC details
000 -LEADER
fixed length control field 00576nam a22001697a 4500
003 - CONTROL NUMBER IDENTIFIER
control field OSt
008 - FIXED-LENGTH DATA ELEMENTS--GENERAL INFORMATION
fixed length control field 260515b |||||||| |||| 00| 0 eng d
020 ## - INTERNATIONAL STANDARD BOOK NUMBER
International Standard Book Number 9783031280597
082 ## - DEWEY DECIMAL CLASSIFICATION NUMBER
Classification number 631.43
Item number S53S
245 ## - TITLE STATEMENT
Title Soil Physical Environment and Plant Growth: Evaluation and Management/
Remainder of title Pradeep K Sharma and Sandeep Kumar
250 ## - EDITION STATEMENT
Edition statement xii, 254 p.
260 ## - PUBLICATION, DISTRIBUTION, ETC. (IMPRINT)
Place of publication, distribution, etc Switzerland:
Name of publisher, distributor, etc Springer Nature;
Date of publication, distribution, etc 2023.
300 ## - PHYSICAL DESCRIPTION
Extent xii, 254 p.
650 ## - SUBJECT ADDED ENTRY--TOPICAL TERM
Topical term or geographic name as entry element Agriculture and Related Technologies | Technology (Applied Sciences) | Soils Analysis
700 ## - ADDED ENTRY--PERSONAL NAME
Personal name Kumar, Sandeep
942 ## - ADDED ENTRY ELEMENTS (KOHA)
Source of classification or shelving scheme
Koha item type Books
Holdings
Withdrawn status Lost status Source of classification or shelving scheme Damaged status Not for loan Home library Current library Shelving location Date acquired Source of acquisition Cost, normal purchase price Total Checkouts Full call number Barcode Date last seen Bill Date Koha item type Bill Number
          Dr. Rajendra Prasad Central Agricultural University Pusa, Dr. Rajendra Prasad Central Agricultural University Pusa, General Stacks 15/05/2026 Scientific Publishers (India) 5861.00   631.43 S53S 87580 15/05/2026 01/02/2026 Books Invoice/SPI/25-26/425
          Dr. Rajendra Prasad Central Agricultural University Pusa, Dr. Rajendra Prasad Central Agricultural University Pusa, General Stacks 15/05/2026 Scientific Publishers (India) 5861.00   631.43 S53S 87581 15/05/2026 01/02/2026 Books Invoice/SPI/25-26/425
          Dr. Rajendra Prasad Central Agricultural University Pusa, Dr. Rajendra Prasad Central Agricultural University Pusa, General Stacks 15/05/2026 Scientific Publishers (India) 5861.00   631.43 S53S 87582 15/05/2026 01/02/2026 Books Invoice/SPI/25-26/425
Hosted, Implemented, Customized & Maintained by: BestBookBuddies

Powered by Koha